Calvados - mort subite - Statistiques

Statistiques générales
  • Ce quiz a été pris 63 fois
  • Le résultat moyen est 5 sur 18
Answers on the Grid
Answers color-coded by a green-red scale on the quiz's grid according to % correct below.
Nantes
Bayeux
Rouen
Libourne
Caen
Cherbourg
Gold Beach
Utah Beach
Argentan
Arromanches-les-Bains
Vauhallan
Pont-l'Évêque
Argenteuil
La Côte de Nacre
Saint-Lô
Juno Beach
Courseulles-sur-Mer
Deauville
Morelia
Edéa
Hué
Livarot
Alençon
Maturín
Omaha Beach
Sword Beach
Vire-Normandie
Lisieux
Villers-Bocage
Imus
Vimoutiers
Falaise
Arica
Honfleur
Penonomé
Tegal
 
Statistiques - réponses
Réponse % Correct
Bayeux
86%
Caen
83%
Honfleur
33%
Falaise
31%
Lisieux
31%
Villers-Bocage
31%
Courseulles-sur-Mer
28%
À l'ouest de Gold Beach Omaha Beach
28%
Arromanches-les-Bains
25%
Pont-l'Évêque
22%
Vire-Normandie
22%
Deauville
19%
La Côte de Nacre
19%
Livarot
17%
Entre Courseulles et Saint-Aubin-sur-Mer Juno Beach
14%
Entre Saint-Aubin-sur-Mer et Ouistreham Sword Beach
14%
S'étend entre Ver-sur-Mer et Asnelles Gold Beach
11%
Java, Indonésie Tegal
0%
Aucun quiz correspondant
Distribution des résultats
% des personnes avec chaque résultat
Percentile par nombre de réponses
Votre historique - résultats
Vous n’avez pas pris ce quiz